| 000 | 00756cab a2200217 4500 | ||
|---|---|---|---|
| 001 | ABS54932 | ||
| 008 | 090401t1996 xxu||||| |||| 00| 0 eng d | ||
| 035 | _a(Sirsi) u13194 | ||
| 041 | _aeng | ||
| 100 | _aSeidl, A. | ||
| 245 | _aPFI finds PACE not hot enough | ||
| 260 | _c1996 | ||
| 350 | _a0 | ||
| 490 |
_aEstates Gazette _v(9614) 6 April 1996, 26-27(2) |
||
| 520 | _aA new centralised agency Property Advisors to the Civil Estate (PACE) replacing Property Holdings was set up to integrate and rationalise government activities. Looks at its potential role advising on the PFI. | ||
| 650 | _aPRIVATE FINANCE INITIATIVE | ||
| 650 | _aPROPERTY ADVISORS TO THE CIVIL ESTATE | ||
| 690 | _aECONOMIC AND SOCIAL | ||
| 942 | _n0 | ||
| 948 | _c04/03/1997 | ||
| 999 |
_c8491 _d8491 |
||